000 00514nam a2200193 a 4500
001 1771298254382
003 YourLibrary
005 20260217084905.0
008 260217s2003##################000#0#eng##
020 _a9780745319896
082 0 4 _a337.73
_bHUD
100 1 _aHudson, Michael,
_eauthor.
245 1 0 _aSuper Imperialism - New Edition :
260 _bPluto Press (UK),
_c2003.
300 _a452 pages
650 0 _aBusiness & Economics.
942 _cENGLISH
040 _aYourLibrary
_beng
_cYourLibrary
999 _c612911
_d612911